000 00335cam a2200157ua 4500
041 _amal
_h
082 _a928.23
_bSAR/WO
100 _aSatre, Jeanpaul .
245 _aWords
260 _aLondon :
_bHamish hamilton ,
_c1964.
300 _a173 ; .
504 _a
650 _aReading / writing
942 _cBK
999 _c450
_d450